वाद्य वृंद (Record no. 29680)
[ view plain ]
| 000 -LEADER | |
|---|---|
| fixed length control field | 00341nam a22001217a 4500 |
| 003 - CONTROL NUMBER IDENTIFIER | |
| control field | SGT |
| 082 ## - DEWEY DECIMAL CLASSIFICATION NUMBER | |
| Classification number | 891.4309 |
| Item number | V04M9788123743301 |
| 100 ## - MAIN ENTRY--PERSONAL NAME | |
| Personal name | मिश्र, विद्यानिवास |
| 245 ## - TITLE STATEMENT | |
| Title | वाद्य वृंद |
| 260 ## - PUBLICATION, DISTRIBUTION, ETC. (IMPRINT) | |
| Name of publisher, distributor, etc | नेशनल बुक ट्रस्ट |
| Year of Publication | 2004 |
| 300 ## - PAGE DESCRIPTION | |
| No. of Pages | 208 |
| 942 ## - ADDED ENTRY ELEMENTS (KOHA) | |
| Source of classification or shelving scheme | Dewey Decimal Classification |
| Koha item type | Books |
No items available.